| 000 | 00777nam a2200205 4500 | ||
|---|---|---|---|
| 008 | 171121b xxu||||| |||| 00| 0 eng d | ||
| 020 | _a0538612177 | ||
| 082 |
_21992 _aDC 658.19 _bD26i |
||
| 245 |
_aIntroduction to business: _bthe economy and you/ _cAnne Scott Daughtrey, Robert A. Ristau, Steven A. Eggland, Les R. Dlabay. |
||
| 250 | _a2d edition. | ||
| 260 |
_aCincinnati, Ohio: _bSouth-Western Publishing Co., _c©1992. |
||
| 300 |
_ax, 662 pages: _bcolor illustrations; _c24 cm. |
||
| 500 | _aIncludes glossary and index. | ||
| 650 | 0 |
_923584 _aEconomics |
|
| 700 |
_923585 _aDaughtrey, Anne Scott., author. |
||
| 700 |
_923586 _aRistau, Robert A., author. |
||
| 700 |
_923587 _aEggland, Steven A., author. |
||
| 700 |
_923588 _aDlabay, Les R., author. |
||
| 942 |
_2ddc _cDC |
||
| 999 |
_c7809 _d7809 |
||